[Event "Mittelrhein Verbandsliga-N 18/19"]
[Site "Nordrheinwestfalen"]
[Date "2018.09.02"]
[Round "1.3"]
[White "Schmidt, Bodo"]
[Black "Krause, Ingo"]
[Result "0-1"]
[WhiteElo "1755"]
[BlackElo "1973"]
[PlyCount "60"]
[EventDate "2018.09.02"]
[EventType "team-tourn"]
[EventRounds "12"]
[EventCountry "GER"]
[SourceTitle "EXT 2022"]
[Source "ChessBase"]
[SourceDate "2021.10.06"]
[SourceVersion "1"]
[SourceVersionDate "2021.10.06"]
[SourceQuality "1"]
[WhiteTeam "Koeln Worringen"]
[BlackTeam "Baumberg"]
[WhiteTeamCountry "GER"]
[BlackTeamCountry "GER"]

1. d4 d5 2. c4 c6 3. e3 Bf5 4. Nc3 e6 5. cxd5 exd5 6. Bd3 Bxd3 7. Qxd3 Nf6 8. Nf3 Bd6 9. Ne5 0-0 10. f4 Na6 11. a3 Qe7 12. 0-0 Nc7 13. Bd2 a6 14. Na4 Ne4 15. Ba5 f6 16. Bxc7 Bxc7 17. Nf3 Rfe8 18. Rfe1 Rad8 19. Rac1 Rd6 20. Nd2 Nxd2 21. Qxd2 Re6 22. Kf2 Bd6 23. b4 f5 24. g3 h6 25. Nc5 Bxc5 26. bxc5 g5 27. Rb1 Kg7 28. Qb4 Rxe3 29. fxg5 hxg5 30. Qd2 Rxe1 0-1